000
00519nam a2200181Ia 4500
008
090124s9999 xx 000 0 und d
082
_b
132912
100
_a
राऊत भारतकुमार
245
_a
दृष्टिकोन
250
_a
1
260
_c
2004
300
_a
192
600
_a
राऊत भारतकुमार
630
_a
दृष्टिकोन
700
_a
राऊत भारतकुमार
730
_a
दृष्टिकोन
942
_c
BOOK
999
_c
179059
_d
179059